| 000 | 00540nam a22001577a 4500 | ||
|---|---|---|---|
| 999 |
_c1733 _d1733 |
||
| 008 | 200131b ||||| |||| 00| 0 eng d | ||
| 082 | 0 | 0 |
_a621.312 _bM884 |
| 100 |
_91352 _aMorse, Fredwick T. |
||
| 245 | 1 | 0 |
_aPower plant engineering: a text for engineering and students of engineering covering the theory and practice of stationery electric generating plants _cby Fredwick T Morse |
| 250 | _a2nd | ||
| 260 |
_aToronto _bD. Van-Nostrand Co. _c1932 |
||
| 300 | _axii,703p. | ||
| 365 | _d36.02 | ||
| 650 | 0 | _aElectric power plants | |
| 942 | _cBK | ||